| 000 | 00858nam a2200265 i 4500 | ||
|---|---|---|---|
| 001 | 186008 | ||
| 003 | SpMaBN | ||
| 005 | 20230906222549.0 | ||
| 008 | 160902s1979 sp |||| | | ||
| 020 | _a84-297-1554-1 | ||
| 080 | _a573/578(091) | ||
| 100 | 1 |
_aRostand, Jean. _999922 |
|
| 245 | 1 | 0 |
_aIntroducción a la historia de la biología / _cJean Rostand ; [traducción de Armand Duval]. |
| 250 | _a1ª ed. en "Libros de bolsillo". | ||
| 260 |
_aBarcelona : _bPenínsula, _c1979. |
||
| 300 |
_a211 p. ; _c19 cm. |
||
| 490 | 1 |
_aEdiciones de bolsillo ; _v550 |
|
| 500 | _aCronología. | ||
| 504 | _aBibliografía : p. 209-211. | ||
| 650 | 0 | 7 |
_aBiología- _xHistoria. _910586 |
| 700 | 1 |
_aDuval, Armand. _946367 |
|
| 830 | 0 |
_aEdiciones de bolsillo ; _v550 _9180756 |
|
| 852 |
_aES-MaACL _jL-30610 _z. - Donat. Miguel A. Velasco |
||
| 999 |
_c186008 _d186008 |
||